| 000 | 00377nam a2200145 a 4500 | ||
|---|---|---|---|
| 001 | 1738 | ||
| 003 | CDMR | ||
| 005 | 20130116135214.0 | ||
| 008 | 130130s1964||||||||||||||||||||||||||||d | ||
| 040 |
_aCDMR _bcat _cCDMR |
||
| 100 | 1 |
_aCela, Camilo José _91298 |
|
| 245 | 1 | 0 |
_aIzas, rabizas y colipoterras _cCELA, Camilo José |
| 260 |
_aBaracelona _c1964 _bEditorial Lumen |
||
| 942 | _cMON | ||
| 999 |
_c1738 _d1738 |
||